| 000 | 00569nam a22001937a 4500 | ||
|---|---|---|---|
| 005 | 20250610170541.0 | ||
| 010 | _aENG-145280 | ||
| 020 |
_a9789385883002 _c1695.00 |
||
| 035 | _aEN-128812 | ||
| 037 | _bDBAD | ||
| 082 | _a510.92 | ||
| 100 |
_aThivagar, M.L. _981864 |
||
| 245 |
_aRamanujan's Contributions: _bA Technical Report/ _cM.L. Thivagar |
||
| 260 |
_aNew Delhi _bStudera Press _c2016 |
||
| 270 |
_a1586/113,FF,Tri Nagar _bNew Delhi _e110035 |
||
| 300 |
_ax,232p. _c24cm(Hb) |
||
| 500 | _aIncludes index | ||
| 942 |
_2ddc _cEN _h510.92 _mTHI |
||
| 999 |
_c211717 _d211717 |
||